canciones de x100pre (Bad bunny) - Estadísticas

Estadísticas generales
  • Esta prueba ha sido intentada 88 veces
  • La puntuación promedio es 9 de 15
Estadísticas de respuestas
pista canciones % Correcto
ft Drake Mía
94%
ft el alfa la romana
89%
otra noche en miami
76%
si estuviésemos juntos
71%
ft Diplo 200 MPH
69%
caro
66%
RLNDT
65%
ni bien ni mal
63%
estamos bien
58%
solo de mi
47%
como antes
45%
ser bichote
44%
cuando perriabas
42%
tenemos que hablar
42%
¿Quien tú eres?
29%
No se encontraron pruebas coincidentes
Distribución de puntuación
Porcentaje de gente con cada puntuación
Porcentaje por número respondido
Historial de tus puntuaciones
No has intentado esta prueba.